000 00591nam a2200217Ia 4500
005 20250508163744.0
008 008 250505s9999 xx 000 0 eng d
020 _a0304-70102-5
037 _aTextual
040 _aFEDL
_beng
_cFEDL
041 _aeng
_2eng
084 _a378.125, EVA
_qFEDL
100 _aEvans Linda
_9776217
245 0 _aTeaching and learning in higher education
260 _aLondon, UK
_bCassell
_c1998
300 _a183p
365 _aGBP
_b18.99
700 _a Abbott Ian
_9776218
942 _cTEXL
_h378.125, EVA
999 _c1385082
_d1385082